Real Madrid Top Scorers in Every Champions League Season - Statistics

General Stats
  • This quiz has been taken 166 times
  • The average score is 43 of 55
Answer Stats
Competitions Goals Answer % Correct
Champions League 2009-10 7 Cristiano Ronaldo
100%
Champions League 2011-12 10 Cristiano Ronaldo
100%
Champions League 2012-13 12 Cristiano Ronaldo
100%
Champions League 2013-14 17 Cristiano Ronaldo
100%
Champions League 2014-15 10 Cristiano Ronaldo
100%
Champions League 2015-16 16 Cristiano Ronaldo
100%
Champions League 2016-17 12 Cristiano Ronaldo
100%
Champions League 2017-18 15 Cristiano Ronaldo
100%
Champions League 2018-19 4 Karim Benzema
100%
Champions League 2019-20 5 Karim Benzema
100%
Champions League 2020-21 6 Karim Benzema
100%
Champions League 2021-22 15 Karim Benzema
100%
Champions League 2010-11 6 Karim Benzema / Cristiano Ronaldo
100%
Champions League 2003-04 4 Ronaldo
100%
Champions League 2022-23 7 Vinícius Júnior
99%
Champions League 2023-24 6 Vinícius Júnior
99%
Champions League 2024-25 8 Vinícius Júnior
99%
Champions League 2008-09 3 Raúl / van Nistelrooy
96%
Champions League 2004-05 4 Figo / Raúl
95%
Champions League 1995-96 6 Raúl
95%
Champions League 1999-00 10 Raúl
95%
Champions League 2000-01 7 Raúl
95%
Champions League 2001-02 6 Raúl
95%
Champions League 2002-03 9 Raúl
95%
Champions League 2005-06 2 Raúl
95%
Champions League 2007-08 5 Raúl
95%
Champions League 1998-99 3 Seedorf / Savio / Rául
95%
European Cup 1961-62 7 Ferenc Puskás / Alfredo Di Stéfano / Justo Tejada
92%
European Cup 1962-63 1 Gento / Alfredo Di Stéfano / Zoco
92%
European Cup 1956-57 7 Alfredo Di Stéfano
90%
European Cup 1957-58 10 Alfredo Di Stéfano
90%
European Cup 1958-59 6 Alfredo Di Stéfano
90%
European Cup 1955-56 4 Alfredo Di Stéfano / Héctor Rial
90%
European Cup 1965-66 5 Amancio / Ferenc Puskás
82%
European Cup 1959-60 12 Ferenc Puskás
82%
European Cup 1963-64 7 Ferenc Puskás
82%
Champions League 2006-07 6 Ruud van Nistelrooy
69%
European Cup 1964-65 6 Amancio / Paco Gento
66%
European Cup 1960-61 1 Canário / Gento / Mateos
65%
European Cup 1969-70 3 Fleitas / Gento
65%
European Cup 1967-68 5 Paco Gento
65%
Champions League 1997-98 4 Fernando Morientes / Davor Šuker
57%
European Cup 1988-89 5 Hugo Sánchez
57%
European Cup 1990-91 5 Sebastián Losada / Hugo Sánchez
57%
European Cup 1986-87 5 Emilio Butragueño
56%
European Cup 1989-90 2 Míchel / Butragueño
52%
European Cup 1976-77 1 Del Bosque / Pirri / Santillana
38%
European Cup 1978-79 3 Juanito / Santillana
34%
European Cup 1980-81 3 Juanito / Santillana
34%
European Cup 1987-88 4 Míchel
34%
European Cup 1975-76 5 Roberto Juan Martínez / Santillana
34%
European Cup 1979-80 3 Laurie Cunningham / Santillana
33%
European Cup 1972-73 5 Santillana
33%
European Cup 1968-69 4 Pirri
31%
European Cup 1966-67 1 Pirri / Grosso / Veloso
31%
No matching quizzes found
Score Distribution
Percent of People with Each Score
Percentile by Number Answered
Your Score History
You have not taken this quiz